Every Saturday Night Live Guest Host Part 2 (Season 31-Present) - Statistics

General Stats
  • This quiz has been taken 11 times
    3 since last reset
  • The average score is 111 of 277
Answer Stats
First Season Host % Correct
Season 36 Amy Poehler
100%
Season 39 Andy Samberg
100%
Season 46 Anya Taylor-Joy
100%
Season 41 Ariana Grande
100%
Season 49 Bad Bunny
100%
Season 40 Bill Hader
100%
Season 51 Glen Powell
100%
Season 32 Jake Gyllenhaal
100%
Season 47 Jason Sudeikis
100%
Season 43 John Mulaney
100%
Season 39 Kerry Washington
100%
Season 38 Kristen Wiig
100%
Season 37 Melissa McCarthy
100%
Season 48 Miles Teller
100%
Season 51 Olivia Rodrigo
100%
Season 40 Reese Witherspoon
100%
Season 51 Sabrina Carpenter
100%
Season 51 Teyana Taylor
100%
Season 47 Will Forte
100%
Season 41 Adam Driver
50%
Season 44 Adam Sandler
50%
Season 46 Adele
50%
Season 31 Alec Baldwin
50%
Season 51 Alexander Skarsgård
50%
Season 33 Amy Adams
50%
Season 41 Amy Schumer
50%
Season 48 Ana De Armas
50%
Season 39 Andrew Garfield
50%
Season 39 Anna Kendrick
50%
Season 34 Anne Hathaway
50%
Season 32 Annette Bening
50%
Season 31 Antonio Banderas
50%
Season 44 Awkwafina
50%
Season 42 Aziz Ansari
50%
Season 34 Ben Affleck
50%
Season 37 Ben Stiller
50%
Season 35 Betty White
50%
Season 46 Bill Burr
50%
Season 47 Billie Eilish
50%
Season 34 Bradley Cooper
50%
Season 48 Brendan Gleeson
50%
Season 33 Brian Williams
50%
Season 41 Brie Larson
50%
Season 38 Bruno Mars
50%
Season 36 Bryan Cranston
50%
Season 40 Cameron Diaz
50%
Season 42 Casey Affleck
50%
Season 31 Catherine Zeta-Jones
50%
Season 43 Chadwick Boseman
50%
Season 37 Channing Tatum
50%
Season 35 Charles Barkley
50%
Season 37 Charlie Day
50%
Season 39 Charlize Theron
50%
Season 40 Chris Hemsworth
50%
Season 40 Chris Pratt
50%
Season 40 Chris Rock
50%
Season 44 Claire Foy
50%
Season 51 Colman Domingo
50%
Season 40 Dakota Johnson
50%
Season 36 Dana Carvey
50%
Season 46 Daniel Kaluuya
50%
Season 37 Daniel Radcliffe
50%
Season 46 Dan Levy
50%
Season 42 Dave Chappelle
50%
Season 45 David Harbour
50%
Season 43 Donald Glover
50%
Season 41 Donald Trump
50%
Season 44 Don Cheadle
50%
Season 39 Drake
50%
Season 32 Drew Barrymore
50%
Season 49 Dua Lipa
50%
Season 34 Dwayne "The Rock" Johnson
50%
Season 45 Eddie Murphy
50%
Season 39 Edward Norton
50%
Season 37 Eli Manning
50%
Season 41 Elizabeth Banks
50%
Season 33 Elliott Page
50%
Season 46 Elon Musk
50%
Season 36 Elton John
50%
Season 42 Emily Blunt
50%
Season 36 Emma Stone
50%
Season 44 Emma Thompson
50%
Season 42 Felicity Jones
50%
Season 51 Finn Wolfhard
50%
Season 41 Fred Armisen
50%
Season 43 Gal Gadot
50%
Season 36 Gwyneth Paltrow
50%
Season 36 Helen Mirren
50%
Season 31 Jack Black
50%
Season 49 Jacob Elordi
50%
Season 34 James Franco
50%
Season 38 Jamie Foxx
50%
Season 35 January Jones
50%
Season 46 Jason Bateman
50%
Season 31 Jason Lee
50%
Season 44 Jason Momoa
50%
Season 50 Jean Smart
50%
Season 36 Jeff Bridges
50%
Season 48 Jenna Ortega
50%
Season 38 Jennifer Lawrence
50%
Season 35 Jennifer Lopez
50%
Season 38 Jeremy Renner
50%
Season 47 Jerrod Carmichael
50%
Season 36 Jim Carrey
50%
Season 37 Jimmy Fallon
50%
Season 39 Jim Parsons
50%
Season 45 J.J. Watt
50%
Season 40 J.K. Simmons
50%
Season 42 John Cena
50%
Season 32 John C. Reilly
50%
Season 39 John Goodman
50%
Season 46 John Krasinski
50%
Season 33 Jonah Hill
50%
Season 35 Jon Hamm
50%
Season 34 Josh Brolin
50%
Season 39 Josh Hutcherson
50%
Season 51 Josh O'Connor
50%
Season 35 Jude Law
50%
Season 41 Julia Louis-Dreyfus
50%
Season 31 Julie Louis-Dreyfus
50%
Season 38 Justin Bieber
50%
Season 32 Justin Timberlake
50%
Season 49 Kate McKinnon
50%
Season 37 Katy Perry
50%
Season 46 Keegan Michael-Key
50%
Season 48 Keke Palmer
50%
Season 38 Kevin Hart
50%
Season 47 Kim Kardashian
50%
Season 44 Kit Harington
50%
Season 42 Kristen Stewart
50%
Season 39 Lady Gaga
50%
Season 31 Lance Armstrong
50%
Season 41 Larry David
50%
Season 33 LeBron James
50%
Season 47 Lizzo
50%
Season 38 Louis C.K.
50%
Season 32 Ludacris
50%
Season 42 Margot Robbie
50%
Season 38 Martin Short
50%
Season 44 Matt Damon
50%
Season 32 Matthew Fox
50%
Season 41 Matthew McConaughey
50%
Season 37 Maya Rudolph
50%
Season 35 Megan Fox
50%
Season 48 Megan Thee Stallion
50%
Season 48 Michael B. Jordan
50%
Season 34 Michael Phelps
50%
Season 37 Mick Jagger
50%
Season 50 Mikey Madison
50%
Season 31 Natalie Portman
50%
Season 49 Nate Bargatze
50%
Season 34 Neil Patrick Harris
50%
Season 51 Nikki Glaser
50%
Season 42 Octavia Spencer
50%
Season 47 Oscar Isaac
50%
Season 47 Owen Wilson
50%
Season 34 Paul Rudd
50%
Season 48 Pedro Pascal
50%
Season 49 Pete Davidson
50%
Season 41 Peter Dinklage
50%
Season 32 Peyton Manning
50%
Season 45 Phoebe Waller-Bridge
50%
Season 48 Quinta Brunson
50%
Season 44 Rachel Brosnahan
50%
Season 32 Rainn Wilson
50%
Season 47 Rami Malek
50%
Season 46 Regé-Jean Page
50%
Season 36 Robert De Niro
50%
Season 45 RuPaul
50%
Season 41 Russell Crowe
50%
Season 41 Ryan Gosling
50%
Season 43 Sam Rockwell
50%
Season 44 Sandra Oh
50%
Season 43 Saoirse Ronan
50%
Season 40 Sarah Silverman
50%
Season 31 Scarlett Johansson
50%
Season 47 Selena Gomez
50%
Season 44 Seth Meyers
50%
Season 33 Seth Rogen
50%
Season 49 Shane Gillis
50%
Season 32 Shia LaBeouf
50%
Season 35 Sigourney Weaver
50%
Season 47 Simu Liu
50%
Season 37 Sofia Vergara
50%
Season 43 Sterling K. Brown
50%
Season 37 Steve Buscemi
50%
Season 31 Steve Carell
50%
Season 31 Steve Martin
50%
Season 49 Sydney Sweeney
50%
Season 40 Taraji P. Henson
50%
Season 35 Taylor Lautner
50%
Season 35 Taylor Swift
50%
Season 43 Tiffany Haddish
50%
Season 46 Timothée Chalamet
50%
Season 33 Tina Fey
50%
Season 31 Tom Hanks
50%
Season 48 Travis Kelce
50%
Season 38 Vince Vaughn
50%
Season 50 Walton Goggins
50%
Season 47 Willem Dafoe
50%
Season 34 Will Ferrell
50%
Season 40 Woody Harrelson
50%
Season 47 Zoë Kravitz
50%
Season 38 Adam Levine
0%
Season 34 Anna Faris
0%
Season 47 Ariana Debose
0%
Season 33 Ashton Kutcher
0%
Season 48 Aubrey Plaza
0%
Season 48 Austin Butler
0%
Season 49 Ayo Edebiri
0%
Season 42 Benedict Cumberbatch
0%
Season 35 Blake Lively
0%
Season 40 Blake Shelton
0%
Season 39 Bruce Willis
0%
Season 46 Cary Mulligan
0%
Season 43 Chance the Rapper
0%
Season 50 Charli XCX
0%
Season 42 Chris Pine
0%
Season 38 Christina Applegate
0%
Season 33 Christopher Walken
0%
Season 38 Christoph Waltz
0%
Season 51 Connor Storrie
0%
Season 31 Dane Cook
0%
Season 38 Daniel Craig
0%
Season 36 Ed Helms
0%
Season 31 Eva Longoria
0%
Season 32 Forest Whitaker
0%
Season 35 Gabourey Sidibe
0%
Season 35 Gerald Butler
0%
Season 44 Halsey
0%
Season 45 Harry Styles
0%
Season 32 Hugh Laurie
0%
Season 44 Idris Elba
0%
Season 46 Issa Rae
0%
Season 48 Jack Harlow
0%
Season 44 James McAvoy
0%
Season 32 Jamie Pressley
0%
Season 36 Jane Lynch
0%
Season 37 Jason Segal
0%
Season 32 Jeremy Piven
0%
Season 36 Jesse Eisenberg
0%
Season 43 Jessica Chastain
0%
Season 34 John Malkovich
0%
Season 47 Jonathan Majors
0%
Season 33 Jon Bon Jovi
0%
Season 31 Jon Heder
0%
Season 35 Joseph Gordon-Levitt
0%
Season 31 Kevin Spacey
0%
Season 47 Kieran Culkin
0%
Season 43 Kumail Nanjiani
0%
Season 39 Lena Dunham
0%
Season 44 Liev Schreiber
0%
Season 31 Lindsay Lohan
0%
Season 42 Lin-Manuel Miranda
0%
Season 40 Martin Freeman
0%
Season 31 Matt Dillon
0%
Season 40 Michael Keaton
0%
Season 36 Miley Cyrus
0%
Season 32 Molly Shannon
0%
Season 47 Natasha Lyonne
0%
Season 46 Nick Jonas
0%
Season 50 Paul Mescal
0%
Season 31 Peter Sarsgaard
0%
Season 49 Ramy Youssef
0%
Season 46 Regina King
0%
Season 41 Ronda Rousey
0%
Season 34 Rosario Dawson
0%
Season 36 Russell Brand
0%
Season 35 Ryan Phillippe
0%
Season 35 Ryan Reynolds
0%
Season 38 Seth MacFarlane
0%
Season 34 Tim McGraw
0%
Season 34 Tracy Morgan
0%
Season 34 Zac Efron
0%
Season 32 Zach Braff
0%
Season 35 Zach Galifinanakis
0%
Season 37 Zooey Deschanel
0%
No matching quizzes found
Score Distribution
Percent of People with Each Score
Percentile by Number Answered
Your Score History
You have not taken this quiz since the last reset